Statistics for Random Geography Questions #2

Click here to take the quiz!

General Stats

  • This quiz has been taken 18 times
  • The average score is 7 of 14

Answer Stats

HintAnswer% Correct
Which is the most guessed North American country on "Countries of the World Quiz"?United States
88%
Which is the most guessed South American country on "Countries of the World Quiz"?Brazil
82%
Which is the most guessed Asian country on "Countries of the World Quiz"?China
82%
Which is the largest country in the world by land area?Russia
76%
Which is the smallest country in the world by population?Vatican City
76%
Which is the most guessed country on "Countries of the World Quiz"?United States
71%
Which is the most guessed Oceanian country on "Countries of the World Quiz"?Australia
65%
Which is the largest country in the world by population?India
65%
Which is the least densely populated country?Mongolia
53%
Which is the most densely populated country?Monaco
35%
Which is the most guessed African country on "Countries of the World Quiz"?Egypt
24%
Which is the smallest country in the world by land area?Monaco
12%
Which is the most guessed European country on "Countries of the World Quiz"?Russia
6%
Which is the second smallest country in the world by land area?Canada
0%

Score Distribution

Percentile by Number Answered

Percent of People with Each Score

Your Score History

You have not taken this quiz